[Event "Rochefort op 3rd"]
[Site "Rochefort"]
[Date "2004.02.24"]
[Round "5"]
[White "Marchais, Aurelie"]
[Black "Gicquiaud, Karl"]
[Result "0-1"]
[WhiteElo "1740"]
[BlackElo "1967"]
[PlyCount "50"]
[EventDate "2004.02.21"]
[EventType "swiss"]
[EventRounds "7"]
[EventCountry "FRA"]
[SourceTitle "EXT 2005"]
[Source "ChessBase"]
[SourceDate "2004.11.15"]
[SourceVersion "1"]
[SourceVersionDate "2004.11.15"]
[SourceQuality "1"]

1. e4 e5 2. Nc3 Nf6 3. g3 Nc6 4. Bg2 Bc5 5. Nge2 0-0 6. d3 a6 7. Bg5 Bxf2+ 8. Kd2 h6 9. Rf1 hxg5 10. Rxf2 Ng4 11. Rf1 Nxh2 12. Rh1 Ng4 13. Qf1 d6 14. Bf3 Nd4 15. Nxd4 exd4 16. Ne2 c5 17. Qh3 Nh6 18. g4 f6 19. Ng3 Kf7 20. Qh5+ Ke7 21. Nf5+ Nxf5 22. exf5 Kd7 23. Qg6 Qe8 24. Qxg7+ Rf7 25. Qg6 Qe3+ 0-1